000 00561nam a2200193Ia 4500
005 20250326141031.0
008 250326s9999 xx 000 0 und d
020 _a0-13-398520-2
037 _aTextbook
040 _aFMSL
_beng
_cFMSL
041 _aeng
_2eng
084 _aX:74.73 N7
_qFMSL
100 _aBeauchamp T L
_9743567
245 0 _aEthical theory and business
_cBeauchamp T L; Bowie N E
260 _aNew Jersey
_bNew Jersey, Prentice-Hall Inc.
_c1997
300 _aviii,661
942 _cTB
_hX:74.73 N7
999 _c1288391
_d1288391